| 000 | 00564nam a22001577a 4500 | ||
|---|---|---|---|
| 020 | _qHard Cover. | ||
| 082 | _a620.44 | ||
| 100 | _aImran Ahmed, Muhammad | ||
| 245 |
_aSynthesis and Characterization of Low Cost CH3NH3PbI3 Solar Cells using Metal Oxide:2D Composite Electron Selective Contacts _cMuhammad Imran Ahmed. |
||
| 260 |
_aIslamabad: _bSCME - NUST, _c2016. |
||
| 300 |
_axix, 152 p. : ill. ; _c30cm. |
||
| 650 |
_aPh. D. Thesis. _919288 |
||
| 700 |
_aDr. Amir Habib. _919483 |
||
| 942 |
_2ddc _cTHE |
||
| 999 |
_c528003 _d528003 |
||